000 00246nam a2200121Ia 4500
082 _a615.1
_bP10R
100 _aRAJE, V.N.
245 _aPHARMACEUTICS -||
260 _bCBS- DELHI
300 _a152
650 _aPHARMACEUTICS
942 _2ddc
_cBK
_02
999 _c7175
_d7175